书目信息 |
| 题名: |
现代企业内部财务会计制度实用范本
|
|
| 作者: | 孙力实 , 姚红霞 主编 | |
| 分册: | ||
| 出版信息: | 北京 中国市场出版社 2008 |
|
| 页数: | 396页 | |
| 开本: | 24cm | |
| 丛书名: | ||
| 单 册: | ||
| 中图分类: | F275.2 | |
| 科图分类: | ||
| 主题词: | 企业管理--会计制度--范文 , 企业管理 , 会计制度 | |
| 电子资源: | ||
| ISBN: | 978-7-5092-0376-7 | |
| 000 | 01007nam0 22002771 450 | |
| 001 | 519 | |
| 005 | 20140909092418.81 | |
| 010 | @a978-7-5092-0376-7@dCNY49.00 | |
| 100 | @a20080807d2008 em y0chiy50 ea | |
| 101 | 0 | @achi |
| 102 | @aCN@b110000 | |
| 105 | @ay z 000yy | |
| 106 | @ar | |
| 200 | 1 | @a现代企业内部财务会计制度实用范本@AXian Dai Qi Ye Nei Bu Cai Wu Hui Ji Zhi Du Shi Yong Fan Ben@f孙力实,姚红霞主编@FSun Li Shi, Yao Hong Xia Zhu Bian |
| 205 | @a2版 | |
| 210 | @a北京@c中国市场出版社@d2008 | |
| 215 | @a396页@d24cm | |
| 330 | @a本书提供了财会岗位职责、现金管理、资金管理、投融资管理、资产管理、成本费用管理、担保事项管理、风险管理、往来账款管理、考核奖励、会计电算化管理、内部审计稽核13大类共54个范本。 | |
| 606 | 0 | @a企业管理@x会计制度@x范文 |
| 606 | 0 | @a企业管理 |
| 606 | 0 | @a会计制度 |
| 690 | @aF275.2@v5 | |
| 701 | 0 | @a孙力实@ASun Li Shi@4主编 |
| 701 | 0 | @a姚红霞@AYao Hong Xia@g(会计学)@4主编 |
| 801 | 0 | @aCN@bTANGWEI@c20140603 |
| 905 | @b0836613-15@dF275.2@e1094=2@f3 | |
| 现代企业内部财务会计制度实用范本/孙力实,姚红霞主编.-2版.-北京:中国市场出版社,2008 |
| 396页;24cm |
| ISBN 978-7-5092-0376-7:CNY49.00 |
| 本书提供了财会岗位职责、现金管理、资金管理、投融资管理、资产管理、成本费用管理、担保事项管理、风险管理、往来账款管理、考核奖励、会计电算化管理、内部审计稽核13大类共54个范本。 |
| ● |
| 相关链接 |
|
|
|
|
正题名:现代企业内部财务会计制度实用范本
索取号:F275.2/1094=2
 
预约/预借
| 序号 | 登录号 | 条形码 | 馆藏地/架位号 | 状态 | 备注 |
| 1 | 0836613 | 208366132 | 第一样本阅览室/ [索取号:F275.2/1094=2] | 在馆 | |
| 2 | 0836614 | 208366141 | 密集书库-海洋学院/ [索取号:F275.2/1094=2] | 在馆 | |
| 3 | 0836615 | 208366150 | 第一借阅区/ [索取号:F275.2/1094=2] | 在馆 |